Luxemburg-visa - Statistics

Yleistilastot
  • Tätä visaa on pelattu 360 kertaa
  • Keskiarvotulos 8 / 18
Vastaustilastot
Vihje Vastaus % Oikein
Viralliset kielet Ranska
99%
Viralliset kielet Saksa
99%
Valuutta Euro
96%
Yhteinen nimi Belgialle, Luxemburgille ja Alankomaille Benelux
71%
Viralliset kielet Luxemburg
68%
Luxemburgia pidetään yleisesti tällaisena (liittyy verotukseen) Veroparatiisina
61%
Entinen valuutta Frangi
56%
Monarkin virallinen arvonimi Suur{herttua}
50%
Luxemburg koostuu hallinnollisesti 12... {Kanton}ista
36%
Valtakunta, johon Luxemburg kuului 962–1795 Pyhä saksalais-roomalainen valtakunta
36%
Valtio, josta on tullut eniten maahanmuuttajia Luxemburgiin Portugali
27%
Tämänhetkinen monarkki Henri
25%
Metsäalue, jonka kautta Saksa valloitti Ranskan 1940 Ardennit
20%
Euroopan unionin toimielin, joka sijaitsee Luxemburgissa Tuomioistuin
17%
Luxemburgin pääministeri 1995–2013 ja Euroopan komission johtaja 2014–2019 Jean-Claude Juncker
15%
Toiseksi suurin kaupunki {Esch}-sur-Alzette
12%
Kaakkoisrajan muodostava joki Mosel
11%
Kaksi kolmasosaa Luxemburgin pinta-alasta peittävä alue {Gut}land
4%
Ehtoja vastaavia visoja ei löytynyt
Tulosjakauma
Jokaisen tuloksen saaneiden osuus
Persentiili vastausten määrän mukaan
Tuloshistoriasi
Et ole pelannut tätä visaa